| 000 | 00733nam a22001937a 4500 | ||
|---|---|---|---|
| 005 | 20180718171254.0 | ||
| 010 | _aB-164279 | ||
| 020 |
_a817305181-X _c690.00 |
||
| 035 | _aB-164279 | ||
| 037 | _bAryan Books International | ||
| 082 | _a230.1 | ||
| 245 |
_aSri Krishana Lila: _bthe complete life of bhagavan shi krishna _cVanamali |
||
| 260 |
_aNew Delhi _bAryan Books International _c2006 |
||
| 270 |
_apooja Apartments, 4B, Ansari Road, Daryaganj, New Delhi-110002 _bNew Delhi _e110002 |
||
| 300 |
_a414p. _c23cm(hbk) |
||
| 700 | _aVanamali | ||
| 942 |
_2ddc _cEN _h230.1 _mVAN |
||
| 999 |
_c154331 _d154331 |
||